00427 a2200157 4500082001900000100002100019245007000040260003200110300001600142500002900158504001400187650001300201650002500214650001700239653001300256 a294.538bP192h aPandey, Raj Bali aHindu samskaras:ba socio-religious study of the Hindu sacraments aBanarasbVikrama Pub.c1949 axxvii,546p. aDoctor of letters thesis aP.495-518 aHinduism aSpiritual atmosphere aVedic period aReligion